| 000 | 00733cam a2200241 4500 | ||
|---|---|---|---|
| 001 | 26585 | ||
| 005 | 20230410143324.0 | ||
| 008 | 060907s1973 nyu eng | ||
| 020 | _a7296745 | ||
| 035 | _9funglode26784 | ||
| 041 | _aeng | ||
| 050 | 1 | 4 | _aYSL |
| 082 | 0 | 0 | _a384/.06/5 |
| 100 | 1 |
_aSampson, Anthony, _d1926-2004. |
|
| 245 | 1 | 4 |
_aThe sovereign state of ITT / _cAnthony Sampson |
| 260 |
_aNew York : _bStein and Day Publishing, _c1973 |
||
| 300 | _a335 p | ||
| 610 | 2 | 0 | _aInternational Telephone and Telegraph Corporation. |
| 650 | 0 |
_aBusiness and politics _vCase studies. |
|
| 610 | 2 | 4 | _aInternational Telephone and Telegraph Corporation. |
| 650 | 4 |
_aNegocios y polĂtica _xEstudio de casos. |
|
| 942 |
_2lcc _cbk |
||
| 999 |
_c99513 _d99513 |
||